000 00664nam a2200181 i 4500
001 98397
003 ES-MaACL
005 20230906182257.0
007 t|
008 050728s1956 sp |||| | cat d
100 1 _aMartí y Vila, Carlos.
_977247
245 1 0 _aNotes historiques de la vida
_b: estampes santboianes del segle XVII /
_cpor Carles Martí i Viláa ; próleg del Dr. D. Frederic Udina Martorell.
260 _aSant Boi del Llobregat :
_bBiblioteca Popular,
_c1956.
300 _aXIV, 151 p. ;
_c20.
651 4 _aSant Boi de Llobregat-
_xHistoria.
_9170936
700 1 _aUdina i Martorell, Frederic (
_d1914-2011)
_9111869
852 _aES-MaACL
_jC-5850
999 _c98397
_d98397